Piłkarze Barcelony - nagła śmierć - Statystyki

Ogólne statystyki
  • Ten quiz został rozwiązany 969 razy
    859 od ostatniego zresetowania
  • Średni wynik to 10 z 15
Answers on the Grid
Answers color-coded by a green-red scale on the quiz's grid according to % correct below.
Robert Lewandowski
Alexander Sørloth
Lamine Yamal
Marc Casado
Arda Guler
Raphinha
Aleix Garcia
Victor Gyokeres
Luka Modrić
Wojciech Szczęsny
Antoine Griezmann
Pau Cubarsi
Alejandro Balde
Nico Williams
Iñaki Peña
Pedri
James Rodriguez
Frenkie De Jong
Luuk De Jong
Cole Palmer
Gerard Martin
Gavi
Ferran Torres
Samuel Lino
Fermin Lopez
Robin Le Normand
Dani Carvajal
Jules Kounde
 
Statystyki odpowiedzi
Odpowiedź % Poprawnych
Robert Lewandowski
97%
Lamine Yamal
94%
Raphinha
86%
Marc Casado
70%
Wojciech Szczęsny
69%
Pedri
62%
Pau Cubarsi
60%
Iñaki Peña
58%
Alejandro Balde
56%
Frenkie De Jong
55%
Ferran Torres
54%
Fermin Lopez
53%
Gavi
53%
Jules Kounde
52%
Gerard Martin
44%
Nie znaleziono quizów pasujących do podanych kryteriów
Rozkład punktacji
Procent ludzi z każdym wynikiem
Percentyl według liczby udzielonych odpowiedzi
Twoja historia wyników
Nie rozwiązałeś tego quizu od ostatniego zresetowania